Municipios de la provincia de Alicante (Mapa) - Estadísticas

Estadísticas generales
  • Esta prueba ha sido intentada 1.702 veces
    1.200 desde el último reinicio
  • La puntuación promedio es 51 de 141
Respuestas en el mapa
Las respuestas están codificadas por una escala verde-roja en el mapa de la prueba según el % correcto abajo.
 
Estadísticas de respuestas
Comarca Población Respuesta % Correcto
Campo de Alicante - L'Alacantí 349282 Alicante | Alacant
96%
Bajo Vinalopó - Baix Vinalopó 238293 Elche | Elx
93%
Marina Baja - Marina Baixa 72342 Benidorm
92%
Hoya de Alcoy - L'Alcoià 59483 Alcoy | Alcoi
88%
Vega Baja del Segura - Baix Segura 82449 Orihuela
87%
Vega Baja del Segura - Baix Segura 89290 Torrevieja
87%
Marina Alta 45622 Dénia
86%
Marina Baja - Marina Baixa 23820 Altea
82%
Vinalopó Medio - Vinalopó Mitjà 53054 Elda
82%
Bajo Vinalopó - Baix Vinalopó 37816 Santa Pola
81%
Marina Alta 25854 Calpe | Calp
78%
Campo de Alicante - L'Alacantí 25275 San Juan de Alicante
76%
Alto Vinalopó - Alt Vinalopó 34144 Villena
76%
Marina Baja - Marina Baixa 36093 Villajoyosa | La Vila Joiosa
75%
Marina Alta 29760 Jávea | Xàbia
72%
Campo de Alicante - L'Alacantí 59928 San Vicente del Raspeig
72%
Hoya de Alcoy - L'Alcoià 23920 Ibi
69%
Campo de Alicante - L'Alacantí 29993 Campello
68%
Vinalopó Medio - Vinalopó Mitjà 33914 Petrel | Petrer
67%
Vinalopó Medio - Vinalopó Mitjà 25771 Novelda
65%
Condado de Cocentaina - El Comtat 11309 Cocentaina
61%
Vega Baja del Segura - Baix Segura 17328 Guardamar del Segura
61%
Alto Vinalopó - Alt Vinalopó 10072 Sax | Saix
61%
Bajo Vinalopó - Baix Vinalopó 30191 Crevillente
60%
Campo de Alicante - L'Alacantí 7032 Jijona | Xixona
58%
Campo de Alicante - L'Alacantí 27078 Muchamiel | Mutxamel
58%
Condado de Cocentaina - El Comtat 9253 Muro de Alcoy
56%
Vega Baja del Segura - Baix Segura 23428 Pilar de la Horadada
56%
Hoya de Alcoy - L'Alcoià 1808 Tibi
55%
Vinalopó Medio - Vinalopó Mitjà 21473 Aspe
54%
Campo de Alicante - L'Alacantí 5067 Agost
52%
Vega Baja del Segura - Baix Segura 7513 Cox
51%
Marina Baja - Marina Baixa 18970 La Nucia
49%
Hoya de Alcoy - L'Alcoià 11365 Castalla
48%
Marina Baja - Marina Baixa 274 Guadalest
48%
Marina Baja - Marina Baixa 20518 Alfaz del Pi | L'Alfàs del Pi
47%
Marina Alta 12279 Benissa
47%
Vinalopó Medio - Vinalopó Mitjà 12542 Monóvar | Monòver
47%
Vega Baja del Segura - Baix Segura 21874 Almoradí
46%
Alto Vinalopó - Alt Vinalopó 3607 Biar
45%
Vinalopó Medio - Vinalopó Mitjà 8777 Monforte del Cid
45%
Marina Alta 12515 Teulada
44%
Marina Alta 10485 Pego
43%
Vinalopó Medio - Vinalopó Mitjà 8281 Pinoso | El Pinós
43%
Marina Baja - Marina Baixa 8836 Finestrat
42%
Vega Baja del Segura - Baix Segura 13092 Albatera
41%
Campo de Alicante - L'Alacantí 3534 Busot
41%
Vega Baja del Segura - Baix Segura 19484 Callosa de Segura
41%
Vega Baja del Segura - Baix Segura 7919 Dolores
41%
Hoya de Alcoy - L'Alcoià 7763 Onil
41%
Hoya de Alcoy - L'Alcoià 7255 Bañeres | Banyeres de Mariola
39%
Vega Baja del Segura - Baix Segura 17451 Rojales
39%
Campo de Alicante - L'Alacantí 1146 Aguas de Busot - Aigües
38%
Vega Baja del Segura - Baix Segura 9275 Catral
38%
Marina Baja - Marina Baixa 5339 Polop
36%
Marina Baja - Marina Baixa 7708 Callosa d'en Sarrià
35%
Vega Baja del Segura - Baix Segura 1767 Daya Nueva
35%
Vega Baja del Segura - Baix Segura 9443 San Fulgencio
35%
Vinalopó Medio - Vinalopó Mitjà 2698 Hondón de las Nieves | El Fondó de les Neus
34%
Marina Alta 7308 Ondara
34%
Alto Vinalopó - Alt Vinalopó 1733 Salinas
34%
Vega Baja del Segura - Baix Segura 667 Daya Vieja
33%
Vega Baja del Segura - Baix Segura 6798 San Miguel de Salinas
33%
Campo de Alicante - L'Alacantí 714 Torremanzanas
33%
Vega Baja del Segura - Baix Segura 7361 Bigastro
32%
Vega Baja del Segura - Baix Segura 8183 Redován
32%
Marina Alta 4858 Benitachell | Benitatxell
31%
Vinalopó Medio - Vinalopó Mitjà 1311 Hondón de los Frailes | El Fondó dels Frares
30%
Marina Alta 6515 Gata de Gorgos
29%
Vinalopó Medio - Vinalopó Mitjà 2632 La Romana
29%
Marina Alta 8558 Pedreguer
29%
Vega Baja del Segura - Baix Segura 2208 San Isidro
29%
Vega Baja del Segura - Baix Segura 5625 Benejúzar
28%
Marina Alta 2964 Jalón | Xaló
27%
Vega Baja del Segura - Baix Segura 5477 Los Montesinos
27%
Alto Vinalopó - Alt Vinalopó 1697 Benejama | Beneixama
26%
Alto Vinalopó - Alt Vinalopó 442 Campo de Mirra | El Camp de Mirra
26%
Alto Vinalopó - Alt Vinalopó 1210 Cañada | La Canyada
25%
Marina Alta 445 Castell de Castells
25%
Hoya de Alcoy - L'Alcoià 313 Penàguila
25%
Condado de Cocentaina - El Comtat 119 Balones
24%
Condado de Cocentaina - El Comtat 1089 Beniarrés
24%
Vega Baja del Segura - Baix Segura 2686 Granja de Rocamora
24%
Marina Baja - Marina Baixa 607 Sella
24%
Vega Baja del Segura - Baix Segura 2023 Benferri
23%
Vega Baja del Segura - Baix Segura 3473 Benijófar
23%
Marina Baja - Marina Baixa 840 Orcheta | Orxeta
23%
Vega Baja del Segura - Baix Segura 4800 Rafal
23%
Condado de Cocentaina - El Comtat 619 Agres
22%
Condado de Cocentaina - El Comtat 737 Benilloba
22%
Marina Baja - Marina Baixa 1248 Relleu
22%
Marina Alta 5101 Vergel | El Verger
22%
Condado de Cocentaina - El Comtat 419 Alfafara
21%
Vega Baja del Segura - Baix Segura 2108 Jacarrilla
21%
Marina Alta 2379 Orba
21%
Vega Baja del Segura - Baix Segura 3635 Algorfa
20%
Marina Baja - Marina Baixa 297 Confrides
20%
Condado de Cocentaina - El Comtat 587 Lorcha | L'Orxa
20%
Marina Baja - Marina Baixa 534 Benimantell
19%
Marina Alta 2763 Els Poblets
19%
Vega Baja del Segura - Baix Segura 4618 Formentera del Segura
19%
Condado de Cocentaina - El Comtat 254 Millena
19%
Marina Alta 230 Valle de Ebo | La Vall d'Ebo
19%
Vinalopó Medio - Vinalopó Mitjà 1395 Algueña | L'Alguenya
18%
Condado de Cocentaina - El Comtat 284 Gorga
18%
Marina Baja - Marina Baixa 630 Tàrbena
18%
Condado de Cocentaina - El Comtat 40 Tollos
18%
Marina Baja - Marina Baixa 252 Beniardà
17%
Hoya de Alcoy - L'Alcoià 111 Benifallim
17%
Marina Baja - Marina Baixa 140 Benifato
17%
Condado de Cocentaina - El Comtat 136 Quatretondeta
17%
Marina Alta 1397 Alcalalí
16%
Condado de Cocentaina - El Comtat 101 Facheca | Fageca
16%
Condado de Cocentaina - El Comtat 45 Famorca
16%
Condado de Cocentaina - El Comtat 699 Planes
16%
Marina Alta 2353 Beniarbeig
15%
Marina Alta 1218 Benidoleig
15%
Condado de Cocentaina - El Comtat 422 Benimarfull
15%
Marina Alta 581 La Vall de Gallinera
15%
Marina Alta 575 Murla
15%
Marina Alta 339 Tormos
15%
Marina Alta 873 Vall de Laguart | La Vall de Laguar
15%
Marina Alta 608 Adsubia | L'Atzúbia
14%
Condado de Cocentaina - El Comtat 259 Alcocer de Planes | Alcosser
14%
Condado de Cocentaina - El Comtat 188 Alcolecha | Alcoleja
14%
Condado de Cocentaina - El Comtat 110 Almudaina
14%
Condado de Cocentaina - El Comtat 511 Alquería de Aznar | L'alqueria d'Asnar
14%
Condado de Cocentaina - El Comtat 105 Benillup
14%
Marina Baja - Marina Baixa 440 Bolulla
14%
Condado de Cocentaina - El Comtat 555 Gayanes | Gaianes
14%
Marina Alta 946 Llíber
14%
Marina Alta 1003 Parcent
14%
Condado de Cocentaina - El Comtat 173 Benasau
13%
Marina Alta 537 Benichembla | Benigembla
13%
Marina Alta 174 Valle de Alcalá | La Vall d'Alcalà
13%
Marina Alta 442 Sagra
12%
Marina Alta 670 Senija
12%
Marina Alta 737 Sanet y Negrals
11%
Condado de Cocentaina - El Comtat 105 Benimassot
10%
Marina Alta 455 Benimeli
10%
Marina Alta 721 Ráfol de Almunia | El Ràfol d'Almúnia
9%
No se encontraron pruebas coincidentes
Distribución de puntuación
Porcentaje de gente con cada puntuación
Porcentaje por número respondido
Historial de tus puntuaciones
No has intentado esta prueba desde el último reinicio